|
|
|
|
| LEADER |
00000nas a22000005 4500 |
| 001 |
ssj0012509 |
| 003 |
WaSeSS |
| 005 |
20200512172242.0 |
| 006 |
m d |
| 007 |
cr n |
| 008 |
760913d19631993oncbr p s 0 a0fre |
| 010 |
|
|
|a cf 76309034
|
| 022 |
|
|
|l 0008-3275
|y 0008-3275
|
| 035 |
|
|
|a (WaSeSS)ssj0012509
|
| 037 |
|
|
|b Association des consommateurs du Canada, bureau 801, 251, av. Laurier ouest, Ottawa, Ont. K1P 5Z7
|
| 040 |
|
|
|a NLC
|b fre
|c NLC
|d NLC
|d AIP
|d NLC
|d OCLCQ
|d WaSeSS
|
| 041 |
0 |
|
|a fre
|a eng
|
| 042 |
|
|
|a nlc
|a isds/c
|
| 055 |
0 |
1 |
|a TX335
|
| 210 |
0 |
|
|a Can. consum.
|b (1963)
|
| 222 |
|
0 |
|a Canadian consumer
|b (1963)
|
| 245 |
0 |
0 |
|a Canadian consumer
|h [electronic resource].
|
| 246 |
1 |
3 |
|a Consommateur
|f août 1963-nov./déc. 1970
|
| 260 |
|
|
|a Ottawa,
|b Association des consommateurs du Canada.
|
| 362 |
0 |
|
|a v. 1-8, no 3; juin 1963-nov./déc 1970; v. 1- Jan./Feb. 1971-
|
| 362 |
1 |
|
|a Ne paraît plus après la livr. de mars/avril 1993?
|
| 500 |
|
|
|a Revue officielle de l'Association.
|
| 506 |
|
|
|a License restrictions may limit access.
|
| 546 |
|
|
|a Texte en français et en anglais, juin 1963-nov./déc. 1970; text en anglais seulement, janv./févr. 1971-1993.
|
| 650 |
|
6 |
|a Consommateurs
|x Education
|z Canada
|v Périodiques.
|
| 655 |
|
0 |
|a Electronic journals.
|
| 710 |
2 |
|
|a Consumers' Association of Canada.
|
| 775 |
0 |
|
|t Consommateur canadien
|x 0315-1867
|w (OCoLC)1852125
|
| 780 |
0 |
0 |
|t CAC bulletin
|x 0826-5402
|
| 785 |
0 |
1 |
|t Consommateur canadien
|x 0315-1867
|w (OCoLC)1852125
|
| 856 |
4 |
0 |
|z Full text available from Research Library: 01/01/1992 to 03/31/1993
|u https://search.proquest.com/publication/47284
|
| 886 |
2 |
|
|2 canmarc
|a 910
|b 20
|a Consumers' Association of Canada
|
| 886 |
2 |
|
|2 canmarc
|a 990
|b 01
|a 91001a
|b 71001a
|